Statistics for Harry Potter House Quiz

Click here to take the quiz!

General Stats

  • This quiz has been taken 13,053 times
    (12,105 since last reset)
  • The average score is 9 of 12

Answer Stats

Hint Answer % Correct
What house is the "wise and knowledgeable"?Ravenclaw
98%
What house is the "cunning"?Slytherin
98%
What house is the "just and loyal"?Hufflepuff
98%
What house is the "brave and adventurous"?Gryffindor
95%
Who is the ghost of Gryffindor?Nearly Headless Nick
91%
What are the colors of Gryffindor?Red and Gold
85%
Who is the ghost of Slytherin?Bloody Baron
75%
What are the colors of Slytherin?Green and Silver
70%
Who is the ghost of Ravenclaw?Grey Lady
66%
What are the colors of Hufflepuff?Yellow and Black
55%
Who is the ghost of Hufflepuff?Fat Friar
47%
What are the colors of Ravenclaw?Blue and Bronze
35%

Score Distribution

Percentile by Number Answered

Percent of People with Each Score

Your Score History

You have not taken this quiz since the last reset